Effective Python/ (Record no. 204007)

MARC details
000 -LEADER
fixed length control field 00661nam a22002057a 4500
005 - DATE AND TIME OF LATEST TRANSACTION
control field 20240708150619.0
010 ## - LCCN (DPL NO)
LC control number ENG-140832
020 ## - INTERNATIONAL STANDARD BOOK NUMBER
International Standard Book Number 9789356061620
Terms of availability 599.00
035 ## - SYSTEM CONTROL NUMBER
System control number EN-124364
037 ## - SOURCE OF ACQUISITION
Source of stock number/acquisition DBAD
082 ## - DEWEY DECIMAL CLASSIFICATION NUMBER
Edition number 2
Classification number 004
100 ## - MAIN ENTRY--PERSONAL NAME
Personal name Slatkin, Brett
245 ## - TITLE STATEMENT
Title Effective Python/
Statement of responsibility, etc By Brett Slatkin
250 ## - EDITION STATEMENT
Edition statement 2
260 ## - PUBLICATION, DISTRIBUTION, ETC. (IMPRINT)
Place of publication, distribution, etc Noida
Name of publisher, distributor, etc Pearson India Education
Date of publication, distribution, etc 2022
270 ## - ADDRESS
Address 15th floor, Tower- B, World Trade Tower, plot No.1, Block -C, Sector-16, Noida,
City Uttar Pradesh
Postal code 201301
300 ## - PHYSICAL DESCRIPTION
Extent xxiv,397p.
Dimensions 23cm(pbk)
Other physical details Index
500 ## - GENERAL NOTE
General note 90 Specific Ways to Write Better Python
942 ## - ADDED ENTRY ELEMENTS (KOHA)
Source of classification or shelving scheme Dewey Decimal Classification
Item type English Books
Classification part 004
Call number suffix SLA
Edition 2
Holdings
Withdrawn status Lost status Not for loan Collection code Home library Current library Date acquired Source of acquisition Cost, normal purchase price Full call number Barcode Copy number Cost, replacement price Koha item type
      Non-fiction New Police Line New Police Line 08/07/2024 DBAD 599.00 004 SLA EN-124364 1 599.00 English Books

© Delhi Public Library
Hit Counter
free hit counter